000 00300 a2200109 4500
001 ART_46587
005 20260410161827.0
008 260409a
245 1 0 _aRetorno a las bases
100 1 _aFulponi, Juan Ignacio
773 0 _tFACES
_g- Año 22, Nº 47 (jul./dic. 2016)
_wREV5046
999 _c22888
_d22888